| 000 | 01202nam a22002417a 4500 | ||
|---|---|---|---|
| 999 |
_c21714 _d21714 |
||
| 003 | AR-CdUCM | ||
| 008 | 190425b ||||| |||| 00| 0 spa d | ||
| 040 |
_aMUNICIPALIDAD PROVINCIAL DEL CUSCO _cBIBLIOTECA MUNICIPAL DEL CUSCO |
||
| 082 |
_aRev.Univ/N°55/1927 _bRev.Univ/N°55/1927 _22° trimestre 1927 |
||
| 110 |
_aUniversidad Nacional de San Antonio Abad del Cusco _915942 |
||
| 245 |
_aRevista Universitaria : _bÓrgano de la Universidad del Cuzco / |
||
| 260 |
_aCusco : _bH. G. Rozas, _c1927. |
||
| 300 |
_a42 páginas. : _c20 cm. |
||
| 440 |
_aRevista Universitaria _nAño XII, 2° trimestre 1927, N°55 _945836 |
||
| 500 | _aCuenta hasta la pagina 34 de allí salta al 137 suplemento 6 entrega de exploración e incidentes de viaje en la tierra de los incas de G. Squier y finaliza en la página 144. | ||
| 505 | _aContenido: Memoria del señor rector Eufracio Álvarez correspondiente al año 1926. Catálogo de las Polipodiáceas cuzqueñas. Fortunato L. Herrera. | ||
| 650 |
_apolypodiáceas _945837 |
||
| 650 |
_aPolypodiales _945838 |
||
| 650 |
_aBotánica cusqueña _945807 |
||
| 710 |
_aUniversidad Nacional de San Antonio Abad del Cusco _915942 |
||
| 942 |
_2ddc _cPP |
||
| 945 | _arac | ||